[Event "Chigorin Memorial 27th"]
[Site "St Petersburg"]
[Date "2019.10.10"]
[Round "6"]
[White "Kobak, Polina"]
[Black "Nikitin, Georgy"]
[Result "1-0"]
[WhiteElo "1549"]
[BlackElo "1920"]
[PlyCount "83"]
[EventDate "2019.10.05"]
[EventType "swiss"]
[EventRounds "9"]
[EventCountry "RUS"]
[SourceTitle "EXT 2020"]
[Source "ChessBase"]
[SourceDate "2019.10.17"]
[SourceVersion "1"]
[SourceVersionDate "2019.10.17"]
[SourceQuality "1"]

1. d4 d5 2. c4 e6 3. Nf3 Nf6 4. g3 dxc4 5. Bg2 Nbd7 6. 0-0 c6 7. a4 a5 8. Qc2 b5 9. Ne5 Nxe5 10. dxe5 Nd5 11. axb5 cxb5 12. Nc3 Nb4 13. Qd1 Bd7 14. Bxa8 Qxa8 15. Be3 Bc6 16. f3 Be7 17. Qc1 0-0 18. h4 a4 19. Bg5 Bc5+ 20. Kg2 Qb8 21. Rd1 Ba8 22. Bf4 Nc6 23. Nxa4 bxa4 24. Qxc4 Ba7 25. Rxa4 Qxb2 26. Qa2 Qb6 27. Rf1 Bb7 28. g4 Ra8 29. Bg3 Qd8 30. Ra1 h5 31. g5 Nb4 32. Rxb4 Bc5 33. Ra4 Rxa4 34. Qxa4 Qd2 35. Qd1 Qe3 36. Qd8+ Bf8 37. Qd3 Bxf3+ 38. Kh2 Qxe2+ 39. Qxe2 Bxe2 40. Kg2 g6 41. Kf2 Bc4 42. Ra8 1-0

[Event "Chigorin Memorial 27th"]
[Site "St Petersburg"]
[Date "2019.10.07"]
[Round "3"]
[White "Nikitin, Georgy"]
[Black "Aleksandrov, Danila"]
[Result "0-1"]
[WhiteElo "1920"]
[BlackElo "2196"]
[PlyCount "70"]
[EventDate "2019.10.05"]
[EventType "swiss"]
[EventRounds "9"]
[EventCountry "RUS"]
[SourceTitle "EXT 2020"]
[Source "ChessBase"]
[SourceDate "2019.10.17"]
[SourceVersion "1"]
[SourceVersionDate "2019.10.17"]
[SourceQuality "1"]

1. d4 Nf6 2. c4 e6 3. Nc3 Bb4 4. a3 Bxc3+ 5. bxc3 c5 6. e3 0-0 7. Bd3 Nc6 8. Nf3 d6 9. e4 e5 10. h3 Re8 11. d5 Ne7 12. Be3 Ng6 13. g3 Bd7 14. a4 Qa5 15. Kd2 h6 16. Ng1 Ne7 17. Qc2 Nc8 18. Ne2 Nb6 19. g4 Rab8 20. Rhb1 a6 21. f4 Nxe4+ 22. Bxe4 Nxc4+ 23. Kd3 f5 24. gxf5 Nxe3 25. Kxe3 exf4+ 26. Kxf4 Qd8 27. Ng3 Re5 28. Rg1 h5 29. Rae1 Qh4+ 30. Ke3 Rbe8 31. Qg2 Rxd5 32. Nxh5 Rxe4+ 33. Qxe4 Re5 34. Rxg7+ Kf8 35. Qxe5 Qxe1+ 0-1

[Event "Nezhmetdinov Memorial 40th"]
[Site "Kazan"]
[Date "2018.09.21"]
[Round "9"]
[White "Gavrilin, Roman"]
[Black "Nikitin, Georgy"]
[Result "1/2-1/2"]
[WhiteElo "2054"]
[BlackElo "1763"]
[PlyCount "80"]
[EventDate "2018.09.13"]
[EventType "swiss"]
[EventRounds "9"]
[EventCountry "RUS"]
[SourceTitle "CBM 186 Extra"]
[Source "ChessBase"]
[SourceDate "2018.08.24"]
[SourceVersion "1"]
[SourceVersionDate "2018.08.24"]
[SourceQuality "1"]

1. e4 c6 2. d4 d5 3. Nc3 dxe4 4. Nxe4 Bf5 5. Ng3 Bg6 6. Nh3 Nf6 7. Nf4 Nbd7 8. h4 e5 9. Nxg6 hxg6 10. h5 gxh5 11. Nxh5 Nxh5 12. Rxh5 Rxh5 13. Qxh5 Qb6 14. dxe5 0-0-0 15. Be2 Bc5 16. Bf4 Bxf2+ 17. Kf1 Be3 18. Bg3 g6 19. Qh3 f5 20. exf6 Qxb2 21. Rd1 Qxf6+ 22. Bf3 Qf5 23. Rd3 Bb6 24. Ke2 Re8+ 25. Kd1 Qxh3 26. gxh3 Ne5 27. Bxe5 Rxe5 28. Bg4+ Kb8 29. Rf3 Re7 30. Rf8+ Kc7 31. Rg8 Ba5 32. c4 Kb6 33. Kc2 Kc5 34. Kd3 Kb4 35. Rxg6 Bb6 36. Be6 Rh7 37. Rg2 Bd8 38. Rg6 Kc5 39. Rg2 Kb4 40. Rg6 Kc5 1/2-1/2

[Event "Nezhmetdinov Memorial 40th"]
[Site "Kazan"]
[Date "2018.09.13"]
[Round "1"]
[White "Ponfilenok, Vladimir"]
[Black "Nikitin, Georgy"]
[Result "1/2-1/2"]
[WhiteElo "2353"]
[BlackElo "1763"]
[PlyCount "80"]
[EventDate "2018.09.13"]
[EventType "swiss"]
[EventRounds "9"]
[EventCountry "RUS"]
[SourceTitle "CBM 186 Extra"]
[Source "ChessBase"]
[SourceDate "2018.08.24"]
[SourceVersion "1"]
[SourceVersionDate "2018.08.24"]
[SourceQuality "1"]

1. d4 Nf6 2. c4 e6 3. g3 d5 4. Nf3 dxc4 5. Bg2 Nbd7 6. 0-0 c6 7. a4 b5 8. b3 cxb3 9. Qxb3 b4 10. Nfd2 Bb7 11. a5 Rc8 12. a6 Ba8 13. Nc4 Nd5 14. e4 N5b6 15. Nbd2 Be7 16. Bb2 0-0 17. e5 Nxc4 18. Nxc4 Nb6 19. Na5 Nd5 20. Rfc1 c5 21. Nb7 Qb6 22. Bxd5 exd5 23. Qxd5 Rfd8 24. Qb3 Bxb7 25. axb7 Qxb7 26. dxc5 Bxc5 27. Rc2 Bf8 28. Rxc8 Rxc8 29. e6 Ra8 30. Ra5 fxe6 31. Qxe6+ Qf7 32. Qc6 Re8 33. Bd4 Re6 34. Qa8 Re1+ 35. Kg2 Qc4 36. Qd8 Qf1+ 37. Kf3 Qe2+ 38. Kg2 Qf1+ 39. Kf3 Qe2+ 40. Kg2 Qf1+ 1/2-1/2

[Event "Nezhmetdinov Memorial 39th"]
[Site "Kazan"]
[Date "2017.06.08"]
[Round "9"]
[White "Karabut, Vladimir"]
[Black "Nikitin, Georgy"]
[Result "1-0"]
[WhiteElo "2027"]
[BlackElo "1847"]
[PlyCount "115"]
[EventDate "2017.05.31"]
[EventType "swiss"]
[EventRounds "9"]
[EventCountry "RUS"]
[SourceTitle "EXT 2018"]
[Source "ChessBase"]
[SourceDate "2017.10.13"]
[SourceVersion "1"]
[SourceVersionDate "2017.10.13"]
[SourceQuality "1"]

1. d4 Nf6 2. c4 e6 3. Nc3 d5 4. Nf3 Nbd7 5. Bf4 c6 6. e3 Be7 7. cxd5 Nxd5 8. Bd3 Nxf4 9. exf4 c5 10. d5 exd5 11. Nxd5 0-0 12. Qc2 h6 13. 0-0 Nf6 14. Nxe7+ Qxe7 15. Rfe1 Qc7 16. Re5 b6 17. Rae1 Bg4 18. Nh4 Rad8 19. Bc4 Bh5 20. h3 Rd4 21. Nf5 Bg6 22. Nxh6+ Kh8 23. Nf5 Qd7 24. g4 Rxf4 25. Qc1 Rf3 26. Kg2 Qb7 27. Bd5 Nxd5 28. Kxf3 Nb4+ 29. Kg3 Nd3 30. Qg5 Bxf5 31. Qxf5 Nxe1 32. Rxe1 Rd8 33. Re4 Qc7+ 34. Kg2 Qd7 35. Qf3 f6 36. Qe3 Qd5 37. Kg3 Qxa2 38. g5 Qf7 39. gxf6 Qg6+ 40. Rg4 Qd3 41. Rxg7 Qxe3+ 42. fxe3 Rf8 43. Rxa7 Rxf6 44. Rb7 Kg8 45. e4 Kf8 46. e5 Rh6 47. Kg4 Re6 48. Kf5 Rh6 49. e6 Rxh3 50. Rxb6 Rf3+ 51. Ke4 Rf1 52. b3 Ke7 53. Ke5 Re1+ 54. Kd5 Rd1+ 55. Kxc5 Rc1+ 56. Kb5 Ra1 57. b4 Ra2 58. Rc6 1-0

[Event "Tatarstan-ch"]
[Site "Kazan"]
[Date "2016.09.24"]
[Round "9"]
[White "Nikitin, Georgy"]
[Black "Ospennikov, Dmitry V"]
[Result "0-1"]
[WhiteElo "1721"]
[BlackElo "2275"]
[PlyCount "120"]
[EventDate "2016.09.16"]
[EventType "swiss"]
[EventRounds "9"]
[EventCountry "RUS"]
[SourceTitle "CBM 174 Extra"]
[Source "ChessBase"]
[SourceDate "2016.10.10"]
[SourceVersion "1"]
[SourceVersionDate "2016.10.10"]
[SourceQuality "1"]

1. d4 Nf6 2. c4 e6 3. Nc3 Bb4 4. Qc2 c5 5. a3 Bxc3+ 6. bxc3 Nc6 7. Nf3 d6 8. e4 e5 9. d5 Na5 10. Bg5 0-0 11. Bd3 h6 12. Bh4 b6 13. 0-0 Ba6 14. Nd2 g5 15. Bg3 Nh5 16. Qd1 Nf4 17. Bxf4 exf4 18. Qh5 Kg7 19. Rfe1 Qf6 20. h4 Rae8 21. hxg5 Qxg5 22. Qh3 Bc8 23. Qh2 Bg4 24. f3 Bc8 25. Kf2 Rg8 26. Rh1 h5 27. Qh4 Kh6 28. Qxg5+ Kxg5 29. e5 dxe5 30. Ne4+ Kg6 31. Nd6+ f5 32. Nxe8 Rxe8 33. Rh4 e4 34. fxe4 fxe4 35. Be2 e3+ 36. Kg1 Bg4 37. Bxg4 hxg4 38. Rxg4+ Kf5 39. Rg7 Nxc4 40. Rf7+ Ke4 41. Rf1 e2 42. R7xf4+ Kd3 43. Re1 Nxa3 44. Rf2 Nb5 45. c4 Nd6 46. g4 Kxc4 47. Rfxe2 Rg8 48. Rg2 Kxd5 49. Kh2 Ne4 50. Rd1+ Ke5 51. Rd7 a5 52. Rb7 Rg6 53. Rb2 Rxg4 54. R7xb6 a4 55. Rc2 Kd4 56. Rbb2 Nc3 57. Rd2+ Kc4 58. Rdc2 Rd4 59. Kg2 Rd3 60. Rb8 a3 0-1